| 000 | 00912cam a22002175a 4500 | ||
|---|---|---|---|
| 001 | L142482 | ||
| 008 | 080215s2001 xxk f l000 0 eng d | ||
| 035 | _a(Sirsi) u142482 | ||
| 041 | 0 | _aeng | |
| 100 | 1 | _aLizieri, Colin | |
| 245 | 0 | 0 |
_aFinancial innovation in property markets _bimplications for the City of London, summary report |
| 260 |
_aLondon _bCorporation of London _c2001 |
||
| 300 |
_a11p. _c30cm. |
||
| 520 | _aExamines the financial effects of institutional leases on the developments of new financial products. Sets out examples of securitisation of property income or assets and discusses the pros and cons of securitisation. Report produced by the Corporation of London in association with the RICS Research Foundation. | ||
| 521 | _aAdvanced | ||
| 651 | 4 |
_aUnited Kingdom _y |
|
| 690 | _aPROPERTY-PROPERTY MARKET | ||
| 700 | 1 | _aWard, Charles | |
| 700 | 1 | _aPalmer, Scarlett | |
| 942 | _n0 | ||
| 999 |
_c107891 _d107891 |
||